01293 a2200181 45000010006000000050017000060080041000230030015000640400040000790800081001192450020002002500011002202640042002313000019002735050788002920410008010801000023010882963920260407155606.0260407a1955 arg spa dAR-UNSa-BCEJYS aAR-UNSa-BCEJYSbspacAR-UNSa-BCEJYS a657.62xAnálisis de balances. Comprobación de balances (Balances falsos)10aBalances falsos a2a. ed 1aBuenos Aires :bPrometeo Librosc1955 a181 p.c23 cm. a1. Balances falsos - 2. Legislación sobre balances falsos - 3. Procedimientos de revisión de cuentas - 4. Fraudes que se cometen con el activo disponile - 5. Fraudes urdidos con los bienes de cambio - 6. Fraudes que se practican con los créditos a favor de la empresa - 7. Fraudes que se pueden cometer con las cuentas del activo fijo - 8. Fraudes que se cometen con otras cuentas activas - 9. Fraudes que pueden realizarse con deudas - 10. Fraudes que afectan al capital y a las reservas - 11. Fraudes que gravitan en las cuentas de resultados positivos - 12. Fraudes en los costos, gastos y cargas de explotación - 13. La interpretación de los balances y las maniobras dolosas - 14. Ejemplos de los balances falsos - 15. La fe pública y la certificación de balances  aspa1 aCholvis, Francisco